Handbbok of industrial psychology (Record no. 1436929)

MARC details
000 -LEADER
fixed length control field 00526nam a2200181Ia 4500
005 - DATE AND TIME OF LATEST TRANSACTION
control field 20250923144258.0
008 - FIXED-LENGTH DATA ELEMENTS--GENERAL INFORMATION
fixed length control field 008 250917s9999 xx 000 0 eng d
037 ## - SOURCE OF ACQUISITION
Stock number Reference
040 ## - CATALOGING SOURCE
Original cataloging agency DSWL
Language of cataloging eng
Transcribing agency DSWL
041 ## - LANGUAGE CODE
Language code of text/sound track or separate title eng
Source of code eng
084 ## - COLON CLASSIFICATION NUMBER
Classification number SObX8, N44
Assigning agency DSWL
100 ## - MAIN ENTRY--PERSONAL NAME
Personal name Smith, M.
9 (RLIN) 823154
245 #0 - TITLE STATEMENT
Title Handbbok of industrial psychology
Statement of responsibility, etc. by M. Smith
260 ## - PUBLICATION, DISTRIBUTION, ETC.
Place of publication, distribution, etc. New Delhi
Name of publisher, distributor, etc. Philosophical Library
Date of publication, distribution, etc. 1944
300 ## - PHYSICAL DESCRIPTION
Extent 304 p.
942 ## - ADDED ENTRY ELEMENTS (KOHA)
Koha item type Reference
Classification part SObX8, N44
Holdings
Withdrawn status Lost status Damaged status Not for loan Home library Current library Date acquired Total Checkouts Full call number Barcode Date last seen Price effective from Koha item type
        Department of Social Work Library Department of Social Work Library 2025-09-23   SObX8, N44 SW0000803 2025-09-23 2025-09-23 Reference
Copyright @ Delhi University Library System